Statistiques concernant Les 34 provinces d'Afghanistan sur une carte

Cliquez ici pour prendre le quiz!

Statistiques générales

  • Ce quiz a été pris 62 fois
  • Le résultat moyen est 9 sur 34

Réponses sur la Carte

Les réponses sont colorées sur une échelle allant du rouge au vert en fonction du pourcentage des utilisateurs qui les ont devinées à leur premier essai. Vous pouvez retrouver ces pourcentages ci-dessous.
 

Statistiques - réponses

Superficie (km²)Province% Correct
4 462Kaboul
94%
54 022Kandahar
72%
54 778Hérat
58%
14 175Bamiyan
42%
48 471Farah
39%
22 915Ghazni
36%
36 479Ghor
36%
58 584Helmand
36%
41 005Nimroz
36%
4 152Khost
33%
9 225Nouristan
31%
16 360Sar-é Pol
25%
17 249Balkh
22%
18 088Deykandi
22%
6 432Paktiya
22%
17 343Zâbol
22%
19 482Paktika
19%
9 934Wardak
19%
44 059Badakhchan
17%
20 591Badchis
17%
7 727Nangarhar
17%
12 696Orozgan
17%
5 974Parwan
17%
3 880Logar
14%
11 262Samangan
14%
21 118Baghlan
11%
1 842Kapissa
11%
4 942Kounar
11%
3 843Laghman
11%
11 798Djozdjan
8%
20 293Faryab
8%
8 040Kondoz
8%
3 610Pandjchir
3%
12 333Takhar
3%

Distribution des résultats

Percentile par nombre de réponses

% des personnes avec chaque résultat

Votre développement - résultats

Vous n’avez pas pris ce quiz